00482nam a2200157Ia 450000500170000000800410001702000160005808200160007424500400009026000360013030000120016665000270017894200060020595200980021199900150030920240527015734.0240331s9999 xx 000 0 und d a 9068328492 bWHYa338.09 0aWhy did the chicken cross the road? aAmsterdambKIT publishersc2005 a87 p ., aindependent evaluation cL 001040708LaWERCLbWERCLcSSCd2024-03-31l0o 338.09 WHYp5967r2024-03-31w2024-03-31yL c4628d4628